We Can Be Anything - Baby Queen (All Lyrics) - Statistics

General Stats
  • This quiz has been taken 14 times
    13 since last reset
  • The average score is 246 of 255
Answer Stats
Answer % Correct
a
100%
"A
100%
absence"
100%
all
100%
alone
100%
anything
100%
at
100%
awesome,
100%
be
100%
brain
100%
can
100%
completely
100%
crying
100%
"Don't
100%
don't
100%
fact
100%
freedom"
100%
girl
100%
go
100%
heard
100%
I
100%
"I
100%
in
100%
is
100%
Is
100%
it?"
100%
it"
100%
it
100%
it's
100%
It's
100%
just
100%
life
100%
life"
100%
matters
100%
Maybe
100%
me
100%
mind
100%
my
100%
My
100%
naive,
100%
not
100%
nothing
100%
of
100%
on
100%
"Open
100%
over
100%
party
100%
proven
100%
said,
100%
saw
100%
see
100%
She
100%
sitting
100%
so
100%
So
100%
somebody
100%
still
100%
that
100%
That's
100%
"The
100%
the
100%
Then
100%
think?
100%
this
100%
to
100%
total
100%
train
100%
unusual
100%
up
100%
was
100%
We
100%
"Well,
100%
what
100%
"What's
100%
what's
100%
when
100%
Which
100%
will
100%
world"
100%
worthless"
100%
wrong?"
100%
you
100%
your
100%
about
83%
And
83%
are
83%
back
83%
been
83%
defeatist"
83%
"Everything
83%
Feeling
83%
get
83%
heading
83%
"Hello?"
83%
home
83%
"If
83%
inconsequential"
83%
inconsequential
83%
infinite
83%
less
83%
lining
83%
little
83%
looked
83%
makes
83%
meaning
83%
Mulling
83%
point
83%
potential"
83%
purpose?
83%
say,
83%
sense"
83%
silver
83%
simple
83%
space
83%
there's
83%
upset?"
83%
"Why
83%
bad
67%
beyond
67%
devoid
67%
exponential
67%
fucking
50%
"Hey,
50%
Out
50%
pointless"
50%
No matching quizzes found
Score Distribution
Percent of People with Each Score
Percentile by Number Answered
Your Score History
You have not taken this quiz since the last reset